Free will and responsibility : (رقم التسجيلة. 29304)

تفاصيل مارك
000 -الفاتح
حقل البيانات ثابتة الطول 01527cam a2200337 a 4500
001 - رقم الضبط
رقم الضبط 515462716
003 - محدد رقم الضبط
رقم الضبط OCoLC
005 - وقت وتاريخ اخر تعامل مع التسجيلة
رقم الضبط 20150408114128.0
008 - عناصر البيانات ثابتة الطول - معلومات عامة
حقل البيانات ثابتة الطول 100211s2010 enk b 001 0 eng
010 ## - رقم ضبط مكتبة الكونجرس
رقم ضبط مكتبة الكونجرس 2010924380
015 ## - رقم الببليوجرافية الوطنية
رقم الببليوجرافية الوطنية GBB027480
المصدر bnb
015 ## - رقم الببليوجرافية الوطنية
رقم الببليوجرافية الوطنية GBB027480
المصدر dnb
020 ## - الرقم الدولى المعيارى للكتب
الرقم الدولى المعيارى للكتاب 9780199545551 (pbk. : alk. paper)
020 ## - الرقم الدولى المعيارى للكتب
الرقم الدولى المعيارى للكتاب 0199545553 (pbk. : alk. paper)
035 ## - رقم ضبط النظام
رقم ضبط النظام (OCoLC)515462716
040 ## - مصدر الفهرسة
وكالة الفهرسة الأصلية Ma-Un
042 ## - رمز التحقق
رمز التحقق ukblcatcopy
050 00 - رقم طلب مكتبة الكونجرس
رقم التصنيف BJ1461
رقم المادة .C23 2010
082 04 - رقم تصنيف ديوى العشرى
رقم التصنيف 153.8
رقم الطبعة 22
100 1# - المدخل الرئيسى - إسم شخصى
الإسم الشخصى Callender, John S.
9 (RLIN) 34777
245 10 - بيان العنوان
العنوان Free will and responsibility :
بقية العنوان a guide for practitioners /
بيان المسئوليه,etc John S. Callender.
260 ## - PUBLICATION, DISTRIBUTION, ETC. (IMPRINT)
مكان الناشر او الموزع Oxford, UK ;
-- New York :
اسم الناشر او الموزع Oxford University Press,
تاريخ النشر أو التوزيع 2010.
300 ## - الوصف المادى
التعداد xi, 394 p. ;
أبعاد الوعاء 24 cm.
440 #0 - بيان السلسلة/مدخل إضافى-العنوان
العنوان International perspectives in philosophy and psychiatry.
9 (RLIN) 34778
504 ## - تبصرة ببليوجرافية
تبصرة ببليوجرافية,الخ Includes bibliographical references and index.
505 0# - تبصرة محتويات-الفهرس
تبصرة المحتويات المصاغة The evolution of morality -- Moral reasoning and the moral emotions -- Moral theories and moral truths -- Responsibility and punishment -- Neuroscience, free will, and moral responsibility -- Art, free will, and moral value : an interactive model -- Weakness of the will : akrasia in clinical practice -- Psychopathic personality disorder -- Trauma, dissociative disorders, and PTSD -- Psychotherapy, freedom, and responsibility.
650 #0 - المدخل الاضافى بالموضوع-مصطلح موضوعى
مصطلح موضوعي أو اسم جغرافي كعنصر مدخل Free will and determinism.
9 (RLIN) 34779
650 #0 - المدخل الاضافى بالموضوع-مصطلح موضوعى
مصطلح موضوعي أو اسم جغرافي كعنصر مدخل Responsibility.
9 (RLIN) 17897
650 #0 - المدخل الاضافى بالموضوع-مصطلح موضوعى
مصطلح موضوعي أو اسم جغرافي كعنصر مدخل Decision making
التقسيم الفرعي العام Moral and ethical aspects.
9 (RLIN) 34780
942 ## - عناصر المدخل الإضافي( كوها)
مصدر التصنيف او مخطط الترفيف Dewey Decimal Classification
Koha [default] item type كتاب
المقتنيات
حالة الفقد نموذج السعر الفعال حالة تلف ليس للاعارة رقم الطلب رقم النسخة تاريخ الاكتساب الموقع الحالي الباركود الفرع الرئيسي Date last seen نوع المادة فى نظام كوها مصدر التصنيف او خطة الترفيف Total Checkouts
  2013-03-26     153.8 CJF n1 2013-03-26 المكتبة المركزية بالمجمعة (CL) 00450345 المكتبة المركزية بالمجمعة (CL) 2013-03-26 كتاب Dewey Decimal Classification  
  2013-03-26     153.8 CJF n2 2013-03-26 المكتبة المركزية بالمجمعة (CL) 00450344 المكتبة المركزية بالمجمعة (CL) 2013-03-26 كتاب Dewey Decimal Classification  
  2013-03-26     153.8 CJF n3 2013-03-26 المكتبة المركزية بالمجمعة (CL) 00450343 المكتبة المركزية بالمجمعة (CL) 2013-03-26 كتاب Dewey Decimal Classification